000 00292nam a2200109 a 4500
005 20200930075825.0
008 120123s1957 000 spa d
100 _aCarandell, Luis
_927704
245 0 _aOriente medio tiene la palabra.
260 _aBarcelona, EspaƱa,
_c1957.
999 _c36094
_d36094
040 _aDO-SdBNP